[Event "Vecindario rapid op 2nd"]
[Site "Vecindario"]
[Date "2024.11.01"]
[Round "5"]
[White "Rodriguez Redondo, Adhara"]
[Black "Quiceno Ramirez, Edwin Alejandro"]
[Result "1-0"]
[WhiteElo "2107"]
[BlackElo "1925"]
[PlyCount "61"]
[EventDate "2024.11.01"]
[EventType "swiss"]
[EventRounds "9"]
[EventCountry "ESP"]
[SourceTitle "CB45_2024"]
[Source "ChessBase"]
[SourceDate "2024.11.06"]
[SourceVersion "1"]
[SourceVersionDate "2024.11.06"]
[SourceQuality "1"]

1. e4 c6 2. d4 d5 3. exd5 cxd5 4. Bd3 Nc6 5. c3 Nf6 6. Nf3 Bg4 7. Bf4 e6 8. Nbd2 Bd6 9. Bxd6 Qxd6 10. h3 Bxf3 11. Nxf3 0-0 12. 0-0 Qc7 13. Re1 Rab8 14. a4 a6 15. Qe2 Rfc8 16. g3 Na5 17. h4 Nc4 18. Ne5 Nxe5 19. dxe5 Nd7 20. Qh5 g6 21. Qg5 Qd8 22. Qf4 b5 23. axb5 axb5 24. h5 Kg7 25. Kg2 Qc7 26. Re3 Rf8 27. Rh1 Rh8 28. g4 Qd8 29. hxg6 hxg6 30. Rxh8 Qxh8 31. Rh3 1-0

[Event "Maspalomas op 2nd"]
[Site "San Bartolome de Tirajana"]
[Date "2024.07.26"]
[Round "5"]
[White "Quiceno Ramirez, Edwin Alejandro"]
[Black "Guerrero Orihuela, Jose Luis"]
[Result "1-0"]
[WhiteElo "1918"]
[BlackElo "1986"]
[PlyCount "103"]
[EventDate "2024.07.18"]
[EventType "swiss"]
[EventRounds "7"]
[EventCountry "ESP"]
[SourceTitle "EXT 2025"]
[Source "ChessBase"]
[SourceDate "2024.10.14"]
[SourceVersion "1"]
[SourceVersionDate "2024.10.14"]
[SourceQuality "1"]

1. d4 d5 2. c4 e6 3. Nf3 c5 4. cxd5 exd5 5. g3 Nc6 6. Nc3 Nf6 7. Bg2 Be7 8. 0-0 0-0 9. h3 c4 10. Ne5 Be6 11. Be3 Qc8 12. Kh2 a6 13. f4 h5 14. Rc1 Rd8 15. b3 Ba3 16. Rb1 Bf5 17. bxc4 Bxb1 18. Nxb1 Bf8 19. Nd2 Qc7 20. Qa4 Ne7 21. c5 b6 22. cxb6 Qxb6 23. Rb1 Qd6 24. g4 hxg4 25. hxg4 Ng6 26. Kg3 Ra7 27. Rc1 Qa3 28. Qxa3 Bxa3 29. Rb1 Rc7 30. Nxg6 fxg6 31. g5 Nh5+ 32. Kg4 Rc3 33. Nf1 Kf7 34. Rb7+ Be7 35. Bd2 Rc2 36. Bf3 Rc4 37. e3 Ra4 38. f5 gxf5+ 39. Kxf5 g6+ 40. Ke5 Kf8 41. Bxd5 Bxg5 42. Bb3 Re8+ 43. Kd6 Be7+ 44. Rxe7 Rxd4+ 45. exd4 Rxe7 46. Bh6+ Ng7 47. Ne3 Rxe3 48. Bxe3 Nf5+ 49. Kc7 Nxe3 50. d5 Nf5 51. d6 Nd4 52. Bc4 1-0

[Event "Gran Canaria Vecindario op 1st"]
[Site "Gran Canaria"]
[Date "2023.11.05"]
[Round "8"]
[White "Fernandez Fernandez, Carlos1"]
[Black "Quiceno Ramirez, Edwin Alejandro"]
[Result "1/2-1/2"]
[WhiteElo "1584"]
[BlackElo "1851"]
[PlyCount "123"]
[EventDate "2023.11.04"]
[EventType "swiss"]
[EventRounds "9"]
[EventCountry "ESP"]
[SourceTitle "CBM 217 Extra"]
[Source "ChessBase"]
[SourceDate "2024.01.31"]
[SourceVersion "1"]
[SourceVersionDate "2024.01.31"]
[SourceQuality "1"]

1. d4 d5 2. c4 e6 3. Nf3 Nf6 4. Nc3 Be7 5. cxd5 exd5 6. Bg5 0-0 7. Qc2 Nbd7 8. e3 c6 9. Bd3 Re8 10. 0-0 Nf8 11. Rab1 Ne6 12. Bxf6 Bxf6 13. Bxh7+ Kh8 14. Bd3 Qd6 15. b4 a6 16. a4 Bd7 17. b5 axb5 18. axb5 c5 19. dxc5 Nxc5 20. Be2 Rec8 21. Qd2 Bf5 22. Rb4 Nd3 23. Bxd3 Qxb4 24. Bxf5 Rxc3 25. Qxd5 Qe7 26. Be4 g5 27. Qf5 Kg8 28. Nxg5 Rc5 29. Qh7+ Kf8 30. Nf3 Rxb5 31. Bd3 Rb3 32. Nh4 Rxd3 33. Qxd3 Bxh4 34. g3 Rd8 35. Qf5 Bf6 36. Rb1 Rb8 37. h4 Qe6 38. Qf4 Be5 39. Qf3 b6 40. h5 Ke7 41. Kg2 Qd7 42. h6 f5 43. Rh1 Qb7 44. h7 Qxf3+ 45. Kxf3 Rh8 46. e4 Kf6 47. exf5 Kxf5 48. Rh5+ Ke6 49. Ke4 Bf6 50. g4 Rd8 51. g5 Bg7 52. f4 b5 53. g6 b4 54. Rb5 Rd4+ 55. Kf3 Rc4 56. Kg4 Kf6 57. Rb6+ Ke7 58. Rb7+ Kf6 59. Rb6+ Ke7 60. Rb7+ Kf6 61. Rb6+ Ke7 62. Rb7+ 1/2-1/2